01030nam0a22002411 4500001001100000005001700011021001900028035002600047100004100073101000800114102000700122105001800129200015800147210004300305215002300348300006800371320004600439606010300485700014100588801001800729801002200747852001900769rc\334108820260406083432.0 aRUb[69-42752] a(NLR Aleph) 007517360 a20130115d1969 |||y0rusy50 ca0 arus aRU aa j |||||1 aСодержание и ремонт железнодорожного путиe[Учебник для техникумов ж.-д. транспорта] aМоскваcТранспортd1969 a344 с.cил.d22 aПеред загл. авт.: доц. В.И. Тихомиров aБиблиогр.: с. 342 (13 назв.) aПуть (ж.-д.)xРемонт и содержаниеjУчебники и пособия2psbo 140707ca8rusaТихомировbВ. И.cд-р техн. наукf1925-1998gВасилий Иванович3RU\NLR\AUTH\770278187 0aRUbNLRgpsbo 1aRUbELAR2rusmarc aNLRj69-5/2782